书目信息 |
| 题名: |
翻译研究
|
|
| 作者: | 刘云虹 主编 | |
| 分册: | 第三辑 翻译理论与翻译家研究 | |
| 出版信息: | 上海 上海译文出版社有限公司 2024.06 |
|
| 页数: | 208页 | |
| 开本: | 26cm | |
| 丛书名: | ||
| 单 册: | ||
| 中图分类: | H059 | |
| 科图分类: | ||
| 主题词: | 翻译--研究 | |
| 电子资源: | ||
| ISBN: | 978-7-5327-9640-3 | |
| 000 | 01103nam2 2200265 450 | |
| 001 | 01013923 | |
| 005 | 20250924203930.68 | |
| 010 | @a978-7-5327-9640-3@dCNY68.00 | |
| 100 | @a20240806d2024 em y0chiy0120 ea | |
| 101 | 0 | @achi |
| 102 | @aCN@b310000 | |
| 105 | @ay z 000yy | |
| 106 | @ar | |
| 200 | 1 | @a翻译研究@9fan yi yan jiu@h第三辑@i翻译理论与翻译家研究@f[刘云虹主编] |
| 210 | @a上海@c上海译文出版社有限公司@d2024.06 | |
| 215 | @a208页@d26cm | |
| 300 | @a2024 ISSUE NO.3 CNKI来源集刊 | |
| 314 | @a责任者取自版权页 | |
| 330 | @a《翻译研究(第三辑)》的主题为“翻译理论与翻译家研究”,全书分为“翻译观察”“学术访谈”“译论探索”“译介与传播研究”“译家研究”“翻译教育与教学研究”“书评”七大章节,收录许钧的《翻译史研究对探究翻译基本问题的启示》、王湘玲等的《机器是否可以取代人类思考?》、陶友兰等的《翻译专业研究生教育多元化路径探索》等17篇文章。 | |
| 517 | 1 | @a翻译理论与翻译家研究@9fan yi li lun yu fan yi jia yan jiu |
| 606 | 0 | @a翻译@x研究 |
| 690 | @aH059@v5 | |
| 701 | 0 | @a刘云虹@9liu yun hong@4主编 |
| 801 | 0 | @aCN@c20250905 |
| 905 | @a河南城建学院图书馆@dH059@eL712:3@ZL712:3@f1 | |
| 翻译研究.第三辑.翻译理论与翻译家研究/[刘云虹主编].-上海:上海译文出版社有限公司,2024.06 |
| 208页;26cm |
| 2024 ISSUE NO.3 CNKI来源集刊 |
| ISBN 978-7-5327-9640-3:CNY68.00 |
| 《翻译研究(第三辑)》的主题为“翻译理论与翻译家研究”,全书分为“翻译观察”“学术访谈”“译论探索”“译介与传播研究”“译家研究”“翻译教育与教学研究”“书评”七大章节,收录许钧的《翻译史研究对探究翻译基本问题的启示》、王湘玲等的《机器是否可以取代人类思考?》、陶友兰等的《翻译专业研究生教育多元化路径探索》等17篇文章。 |
| ● |
| 相关链接 |
|
|
|
正题名:翻译研究
索取号:H059/L712:3
 
预约/预借
| 序号 | 登录号 | 条形码 | 馆藏地/架位号 | 状态 | 备注 |
| 1 | 1631607 | 216316074 | 语言库209/209语言库 67排3列4层/ [索取号:H059/L712:3] | 在馆 |